| 000 | 005510000a22002410004500 | ||
|---|---|---|---|
| 500 | _aIncludes bibliographies | ||
| 650 | _aMental diseases | ||
| 650 | _aDepression | ||
| 650 | _aEmotions | ||
| 650 | _aThinking | ||
| 082 |
_a616.8527 _bR79d |
||
| 518 | _a980731 | ||
| 530 | _aM | ||
| 100 | _aRowe, Derothy | ||
| 245 | _aDepression; the way out of your prision | ||
| 250 | _a2nd edn | ||
| 020 | _a0-415-14482-5 | ||
| 260 |
_aLondon _bRoutledge, Great Britain |
||
| 260 | _c1996 | ||
| 041 | _aEng | ||
| 300 | _axi,257p. | ||
| 942 | _cGEN | ||
| 999 |
_c15427 _d15427 |
||